Statistics for Seven Letter Song Titles

Click here to take the quiz!

General Stats

  • This quiz has been taken 30 times
  • The average score is 8 of 20

Answer Stats

ArtistLyricsSong% Correct
John LennonYou may say I'm a dreamer but I'm not the only oneImagine
92%
The PoliceYou don't have to put on the red lightRoxanne
92%
Aretha FranklinBaby (just a little bit) when you get home (just a little bit)Respect
73%
Spice GirlsI'll tell you what I want, what I really, really wantWannabe
58%
Smash MouthAll that glitters is gold; only shooting stars break the moldAll Star
54%
John LegendLove your curves and all your edgesAll of Me
42%
Maroon 5Baby I'm preying on you tonightAnimals
35%
Billy Joel...is such a lonely word; everyone is so untrueHonesty
35%
Gordon Lightfoot...you better take care if I find you been creepin' 'round my back stairsSundown
35%
MadonnaPerish the thought of ever leaving, I never wouldCherish
31%
RoxetteShe says, "hello, you fool, I love you..."Joyride
31%
Ed SheeranBaby, I'm dancing in the dark with you between my armsPerfect
31%
Del ShannonI'm a walkin' in the rain; tears are fallin' and I feel a painRunaway
27%
Counting CrowsShe's looking at you; ah, no, no, she's looking at meMr. Jones
23%
4 Non BlondesI cry sometimes when I'm lying in bed just to get it all out, what's in my headWhat's Up
23%
Shawn MullinsEverything's gonna be all right; rock-a-bye, rock-a-bye.Lullaby
19%
Vance JoyI got a lump in my throat 'cause you're gonna sing the words wrongRiptide
19%
Imagine DragonsHave a seat in the foyer, take a number I was lightning before the...Thunder
19%
NirvanaI killed you, I'm not gonna crackLithium
15%
Barenaked LadiesBut it'll still be two days 'til I say I'm sorryOne Week
15%

Score Distribution

Percentile by Number Answered

Percent of People with Each Score

Your Score History

You have not taken this quiz